|
|
|
|
| LEADER |
00000nam0a2200000 4500 |
| 001 |
239067 |
| 005 |
20231101231640.0 |
| 010 |
|
|
|a 5060005968
|
| 035 |
|
|
|a (RuTPU)RU\TPU\book\260279
|
| 090 |
|
|
|a 239067
|
| 100 |
|
|
|a 20130603d1990 m y0rusy50 ca
|
| 101 |
0 |
|
|a rus
|
| 102 |
|
|
|a RU
|
| 105 |
|
|
|a y j 000zy
|
| 200 |
1 |
|
|a Сборник задач по нормированию и рациональному использованию материальных ресурсов
|e учебное пособие для вузов
|f К. А. Смирнов, Е. А. Голиков
|
| 210 |
|
|
|a Москва
|c Высшая школа
|d 1990
|
| 215 |
|
|
|a 192 с.
|
| 606 |
|
|
|a Материальные ресурсы
|x Использование
|2 stltpush
|3 (RuTPU)RU\TPU\subj\41360
|9 61155
|
| 610 |
1 |
|
|a нормирование
|
| 610 |
1 |
|
|a учебные пособия
|
| 610 |
1 |
|
|a народное хозяйство
|
| 610 |
1 |
|
|a потребление
|
| 610 |
1 |
|
|a анализ
|
| 610 |
1 |
|
|a вторичное сырье
|
| 675 |
|
|
|a 658.272
|v 3
|
| 686 |
|
|
|a У9(2)0-55я73
|2 rubbk
|
| 700 |
|
1 |
|a Смирнов
|b К. А.
|g Ким Алексеевич
|
| 701 |
|
1 |
|a Голиков
|b Е. А.
|g Евгений Александрович
|
| 801 |
|
1 |
|a RU
|b 63413507
|c 20130603
|
| 801 |
|
2 |
|a RU
|b 63413507
|c 20130606
|g RCR
|
| 942 |
|
|
|c BK
|